zpět

Detail výsledku týmu

Studentský klub, Opava

Datum a čas kvízu

34 Celkem bodů Celkový počet nahraných bodů na tomto kvízu bez doplňovacích otázek.
7. Pořadí na kvízu Konečné umístění týmu na tomto kvízu.

Zaznamenané odpovědi

# Otázka Odpověď Body Výsledky
1. Jeden z nejznámějších českých... 1
2. Sopka Sinabung s nadmořskou vý... 0
3. České herní studio Warhorse pr... 0
4. Síť fastfoodů KFC musela ve Ve... 0
5. Napište výsledek sobotního utk... 0
6. Jistě se mezi Vámi najde mnoho... 1
7. Čemu nebo komu se ve vodáckém... 0
8. Místo, kde říční voda viditeln... 1
9. Část řeky, kde voda teče velmi... 1
10. Kanoistům se mezi vrcholovými... 1